Cạm bẫy người Lục Sì

সংরক্ষণ করুন:
গ্রন্থ-পঞ্জীর বিবরন
প্রধান লেখক: Vũ, Trọng Phụng
বিন্যাস: গ্রন্থ
ভাষা:Undetermined
প্রকাশিত: Hà Nội Văn học 2007
বিষয়গুলি:
ট্যাগগুলো: ট্যাগ যুক্ত করুন
কোনো ট্যাগ নেই, প্রথমজন হিসাবে ট্যাগ করুন!
Thư viện lưu trữ: Trung tâm Học liệu Trường Đại học Cần Thơ
LEADER 00657nam a2200217Ia 4500
001 CTU_129222
008 210402s9999 xx 000 0 und d
020 |c 25000 
082 |a 895.922331 
082 |b Ph513 
100 |a Vũ, Trọng Phụng 
245 0 |a Cạm bẫy người Lục Sì 
245 0 |c Vũ Trọng Phụng 
260 |a Hà Nội 
260 |b Văn học 
260 |c 2007 
650 |a Vietnamese literature,Vietnamese fiction,Tiểu thuyết Việt Nam thế kỷ 20 
650 |x History and criticism 
650 |y 20th century 
904 |i Giang 
980 |a Trung tâm Học liệu Trường Đại học Cần Thơ